Meetings, expositions, events, and conventions : (Record no. 8493)

MARC details
000 -LEADER
fixed length control field 00824nac a22002291u 4500
010 ## - LIBRARY OF CONGRESS CONTROL NUMBER
LC control number 2004013995
020 ## - INTERNATIONAL STANDARD BOOK NUMBER
International Standard Book Number 0131125877
082 00 - DEWEY DECIMAL CLASSIFICATION NUMBER
Classification number 647.94
Item number FEN
090 ## - LOCALLY ASSIGNED LC-TYPE CALL NUMBER (OCLC); LOCAL CALL NUMBER (OCLC)
-- 8493
-- 8493
100 ## - MAIN ENTRY--PERSONAL NAME
Personal name Fenich, George G.
245 10 - TITLE STATEMENT
Title Meetings, expositions, events, and conventions :
Remainder of title an introduction to the industry /
Statement of responsibility, etc George G. Fenich.
260 ## - PUBLICATION, DISTRIBUTION, ETC. (IMPRINT)
Place of publication, distribution, etc Upper Saddle River, N.J. :
Name of publisher, distributor, etc Pearson/Prentice Hall,2005
Date of publication, distribution, etc c2005.
300 ## - PHYSICAL DESCRIPTION
Extent xiii, 527 p. :
Other physical details ill. ;
Dimensions 25 cm.
500 ## - GENERAL NOTE
General note Includes index.
500 ## - GENERAL NOTE
General note distributer: Al-ahram
511 ## - PARTICIPANT OR PERFORMER NOTE
Participant or performer note catalogued by: wessam
650 #0 - SUBJECT ADDED ENTRY--TOPICAL TERM
Topical term or geographic name as entry element Hospitality industry.
650 #0 - SUBJECT ADDED ENTRY--TOPICAL TERM
Topical term or geographic name as entry element Congresses and conventions.
650 #0 - SUBJECT ADDED ENTRY--TOPICAL TERM
Topical term or geographic name as entry element Meetings.
856 41 - ELECTRONIC LOCATION AND ACCESS
Materials specified Table of contents
Uniform Resource Identifier <a href="http://www.loc.gov/catdir/toc/ecip0419/2004013995.html">http://www.loc.gov/catdir/toc/ecip0419/2004013995.html</a>
942 ## - ADDED ENTRY ELEMENTS (KOHA)
Item type Book - Borrowing
Call number prefix 647.94FEN
Holdings
Withdrawn status Item status Damaged status Not for loan Home library Current library Shelving location Date acquired Source of acquisition Total Checkouts Full call number Barcode Date last seen Koha item type
        Central Library Central Library First floor 08/03/2010 Purchase   647.94FEN 000009838 15/07/2025 Book - Borrowing